书目信息 |
| 题名: |
崛起者之歌
|
|
| 作者: | ;青岛市总工会 , 山东省出版总社青岛分社 编 | |
| 分册: | ||
| 出版信息: | 济南 山东人民出版社 1985 |
|
| 页数: | 272页 | |
| 开本: | 19cm | |
| 丛书名: | ||
| 单 册: | ||
| 中图分类: | D412.62 | |
| 科图分类: | ||
| 主题词: | 演讲--中国--现代--选集 , 思想政治教育:职工教育 , 职工教育:思想政治教育 | |
| 电子资源: | ||
| ISBN: | 3099.859 | |
| 000 | 00904nam0 2200277 450 | |
| 001 | 0185000754 | |
| 005 | 20100712221035.0 | |
| 010 | @a3099.859@dCNY1.25 | |
| 091 | @a3099.859 | |
| 100 | @a19951010d1985 em y0chiy0110 ea | |
| 101 | 0 | @achi |
| 102 | @aCN@b370000 | |
| 105 | @ay z 000yy | |
| 106 | @ar | |
| 200 | 1 | @a崛起者之歌@9Jue Qi Zhe Zhi Ge @e全国职工演讲集@f青岛市总工会,山东省出版总社青岛分社编 |
| 210 | @a济南@c山东人民出版社@d1985 | |
| 215 | @a272页@d19cm | |
| 517 | 1 | @a全国职工演讲集@9quan guo zhi gong yan jiang ji |
| 606 | 0 | @a演讲@y中国@z现代@x选集 |
| 606 | 0 | @a思想政治教育:职工教育 |
| 606 | 0 | @a职工教育:思想政治教育 |
| 690 | @aD412.62@v3 | |
| 711 | 02 | @a青岛市总工会@9qing dao shi zong gong hui@4编 |
| 711 | 02 | @a山东省出版总社青岛分社@9shan dong sheng chu ban zong she qing dao fen she@4编 |
| 801 | 0 | @aCN@b91MARC@c20130904 |
| 905 | @aBZT@dD412.62@e16@f1@sD412.62/16 | |
| 崛起者之歌:全国职工演讲集/青岛市总工会,山东省出版总社青岛分社编.-济南:山东人民出版社,1985 |
| 272页;19cm |
| ISBN 3099.859:CNY1.25 |
| ● |
| 相关链接 |
|
|
|
正题名:崛起者之歌
索取号:D412.62/16
 
预约/预借
| 序号 | 登录号 | 条形码 | 馆藏地/架位号 | 状态 | 备注 |
| 1 | 2000079660 | 2000079660 | 旧书回溯/ [索取号:D412.62/16] | 在馆 |